Muerte a filo de obsidiana / (Record no. 185421)

MARC details
000 -LEADER
campo de control de longitud fija 01005nam a2200289 i 4500
001 - NÚMERO DE CONTROL
campo de control 185421
003 - IDENTIFICADOR DE NÚMERO DE CONTROL
campo de control SpMaBN
005 - FECHA Y HORA DE LA ÚLTIMA TRANSACCIÓN
campo de control 20230906222429.0
008 - DATOS DE LONGITUD FIJA--INFORMACIÓN GENERAL
campo de control de longitud fija 160601s1996 mx a |||| | spa d
020 ## - NÚMERO INTERNACIONAL ESTÁNDAR DEL LIBRO
Número Internacional Estándar del Libro 968-16-4991-5
080 ## - NÚMERO DE LA CLASIFICACIÓN DECIMAL UNIVERSAL
Número de la Clasificación Decimal Universal 393(=972.4)
080 ## - NÚMERO DE LA CLASIFICACIÓN DECIMAL UNIVERSAL
Número de la Clasificación Decimal Universal 128(=972.4)
100 1# - ENTRADA PRINCIPAL--NOMBRE DE PERSONA
Nombre de persona Matos Moctezuma, Eduardo.
9 (RLIN) 159730
245 10 - MENCIÓN DEL TÍTULO
Título Muerte a filo de obsidiana /
Mención de responsabilidad, etc. Eduardo Matos Moctezuma.
250 ## - MENCION DE EDICION
Mención de edición 1ª ed.
Resto de la mención de edición Fondo de Cultura Económica.
260 ## - PUBLICACIÓN, DISTRIBUCIÓN, ETC.
Lugar de publicación, distribución, etc. México, D.F. :
Nombre del editor, distribuidor, etc. Asociación de Amigos del Templo Mayor :
-- FCE,
Fecha de publicación, distribución, etc. 1996.
300 ## - DESCRIPCIÓN FÍSICA
Extensión 158 p. :
Otras características físicas il. ;
Dimensiones 23 cm.
490 1# - MENCIÓN DE SERIE
Mención de serie Obras de antropología
504 ## - NOTA DE BIBLIOGRAFÍA, ETC.
Nota de bibliografía, etc. Bibliografía: p. 153-156.
595 ## -
-- 1ª ed., 1975, Secretaría de Educación Pública - Sep/Setentas.
650 #7 - PUNTO DE ACCESO ADICIONAL DE MATERIA--TÉRMINO DE MATERIA
Término de materia o nombre geográfico como elemento de entrada Nahuas (Indios)
9 (RLIN) 159732
650 04 - PUNTO DE ACCESO ADICIONAL DE MATERIA--TÉRMINO DE MATERIA
Término de materia o nombre geográfico como elemento de entrada Mitología nahua.
9 (RLIN) 159842
650 #4 - PUNTO DE ACCESO ADICIONAL DE MATERIA--TÉRMINO DE MATERIA
Término de materia o nombre geográfico como elemento de entrada Muerte-
Subdivisión general Mitología.
9 (RLIN) 159731
830 0# - PUNTO DE ACCESO ADICIONAL DE SERIE-TÍTULO UNIFORME
Título uniforme Obras de antropología
9 (RLIN) 192330
852 ## - LOCALIZACIÓN
Ubicación ES-MaACL
Número de control de estantería L-30307
Nota libre . - Donat. Miguel A. Velasco
Holdings
Estatus retirado Estado de pérdida Estado de daño No para préstamo Biblioteca de origen Biblioteca actual Ubicación en estantería Fecha de adquisición Fuente de adquisición Total de préstamos Signatura topográfica completa Código de barras Visto por última vez Precio de reemplazo Tipo de ítem Koha
        Biblioteca del Ateneo de Madrid Biblioteca del Ateneo de Madrid Depósito 2 01/06/2016     L-30307 1195349 23/02/2023 23/02/2023 Libro impreso